Score 0/20 Timer 02:00
0 Plays Today
'Girl' Movie Missing Word % Correct
The Girl with the ___ TattooDragon
92.7%
Who's ___ GirlThat
80.6%
What a Girl ___Wants
72.5%
___ GirlGone
71.6%
___ GirlMy
63.9%
Girl, ___Interrupted
63.7%
Girl with a ___ EarringPearl
63.5%
The Girl on the ___Train
59.3%
Poor Little ___ GirlRich
57.3%
His Girl ___Friday
55.4%
'Girl' Movie Missing Word % Correct
The Other ___ GirlBoleyn
48.9%
___ GirlFunny
42.8%
___ GirlWorking
40.8%
___ GirlJersey
34.9%
___ and the Single GirlSex
32.7%
There's a Girl in My ___Soup
32%
___ and the Real GirlLars
28.2%
The ___ GirlGoodbye
21.5%
The ___ Brush GirlFuller
18.5%
Girl ___Crazy
16.1%

Today's Daily Dose

Missing Word
'T' Pairs

Word Ladder
Game Pieces

Get the Picture
Baseball Movies

Remove Ads.
Support Sporcle.
Get the best of Sporcle when you Go Orange. This ad-free experience offers more features, more stats, and more fun while also helping to support Sporcle. Thank you for becoming a member.

You're not logged in!

Compare scores with friends on all Sporcle quizzes.
OR
Log In

Show Comments

Extras

Top Quizzes Today


Score Distribution

Your Account Isn't Verified!

In order to create a playlist on Sporcle, you need to verify the email address you used during registration. Go to your Sporcle Settings to finish the process.

Report this User

Report this user for behavior that violates our Community Guidelines.

Details: